So sánh kỹ thuật làm đất, độ sâu tầng đế cày và năng suất lúa ba vụ ở ba vùng sinh thái tỉnh Đồng Tháp : Luận văn tốt nghiệp Cao học. Chuyên ngành Khoa học cây trồng
Xác định những ưu điểm và tồn tại trong kỹ thuật làm đất trên lúa 3 vụ của nông dân, tìm và xác ssinhj độ sâu xuất hiện tầng đế cày trong khoảng 0 - 20 cm, so sánh năng suất lúa 3 vụ của nông dân tỉnh Đồng Tháp....
Đã lưu trong:
| 主要作者: | |
|---|---|
| 格式: | 圖書 |
| 語言: | Undetermined |
| 出版: |
Cần Thơ
Trường Đại học Cần Thơ
2017
|
| 主題: | |
| 標簽: |
添加標簽
沒有標簽, 成為第一個標記此記錄!
|
| Thư viện lưu trữ: | Trung tâm Học liệu Trường Đại học Cần Thơ |
|---|
| LEADER | 01217nam a2200205Ia 4500 | ||
|---|---|---|---|
| 001 | CTU_224360 | ||
| 008 | 210402s9999 xx 000 0 und d | ||
| 082 | |a 633.18 | ||
| 082 | |b D523 | ||
| 100 | |a Nguyễn, Thái Thúy Duy | ||
| 245 | 0 | |a So sánh kỹ thuật làm đất, độ sâu tầng đế cày và năng suất lúa ba vụ ở ba vùng sinh thái tỉnh Đồng Tháp : | |
| 245 | 0 | |b Luận văn tốt nghiệp Cao học. Chuyên ngành Khoa học cây trồng | |
| 245 | 0 | |c Nguyễn Thái Thúy Duy ; Nguyễn Thành Hối, Nguyễn Bảo Vệ (Cán bộ hướng dẫn) | |
| 260 | |a Cần Thơ | ||
| 260 | |b Trường Đại học Cần Thơ | ||
| 260 | |c 2017 | ||
| 520 | |a Xác định những ưu điểm và tồn tại trong kỹ thuật làm đất trên lúa 3 vụ của nông dân, tìm và xác ssinhj độ sâu xuất hiện tầng đế cày trong khoảng 0 - 20 cm, so sánh năng suất lúa 3 vụ của nông dân tỉnh Đồng Tháp. | ||
| 650 | |a Rice,Cây lúa | ||
| 650 | |x Research,Nghiên cứu | ||
| 980 | |a Trung tâm Học liệu Trường Đại học Cần Thơ | ||